[Event "SVK-ch U14 Girls"]
[Site "Tatralandia"]
[Date "2024.04.08"]
[Round "5"]
[White "Polackova, Eva"]
[Black "Zitnanska, Ema"]
[Result "1-0"]
[WhiteElo "1626"]
[BlackElo "1000"]
[PlyCount "77"]
[EventDate "2024.04.05"]
[EventType "swiss"]
[EventRounds "9"]
[EventCountry "SVK"]
[SourceTitle "CB16_2024"]
[SourceDate "2024.04.17"]
[SourceVersion "1"]
[SourceVersionDate "2024.04.17"]
[SourceQuality "1"]

1. c4 e5 2. g3 Nf6 3. Nc3 Bc5 4. e3 d6 5. Bg2 c6 6. Nge2 0-0 7. h3 Be6 8. d4 exd4 9. exd4 Bb4 10. b3 Nbd7 11. 0-0 Rb8 12. Bf4 Qe7 13. c5 Rbc8 14. Bxd6 Qd8 15. Bxf8 Qxf8 16. Qc2 g6 17. Nf4 Bf5 18. Qc1 Re8 19. a3 Bxc3 20. Qxc3 Be4 21. Rae1 Bd5 22. Nxd5 Nxd5 23. Bxd5 cxd5 24. Rxe8 Qxe8 25. c6 bxc6 26. Qxc6 Qe6 27. Qxe6 fxe6 28. f4 Kf7 29. Rc1 Kf6 30. Kf2 e5 31. fxe5+ Kf5 32. Kf3 h5 33. Rc7 Nxe5+ 34. dxe5 Kxe5 35. Rxa7 Kd4 36. Rd7 g5 37. a4 Kc5 38. a5 Kc6 39. Rd8 1-0